Vista normal
Vista MARC
Entrada Personal Name
Número de registros utilizados en: 1
001 - CONTROL NUMBER
- control field: 18123
003 - CONTROL NUMBER IDENTIFIER
- control field: DLC
005 - DATE AND TIME OF LATEST TRANSACTION
- control field: 20260520110418.0
008 - FIXED-LENGTH DATA ELEMENTS
- fixed length control field: 100907n| acannaabn |a aaa c
010 ## - LIBRARY OF CONGRESS CONTROL NUMBER
- LC control number: no2010145180
035 ## - SYSTEM CONTROL NUMBER
- System control number: (OCoLC)oca08616463
040 ## - CATALOGING SOURCE
- Original cataloging agency: MX-SnUAN
- Language of cataloging: spa
- Transcribing agency: Mx-PuUPA
- Modifying agency: Mx-PuUPA
- Description conventions: rda
100 1# - HEADING--PERSONAL NAME
- Personal name: Téllez Villagómez, María Elena,
373 ## - ASSOCIATED GROUP
- Associated group: Universidad Iberoamericana
- Associated group: Universidad Europea del Atlántico
- Associated group: Colegio Mexicano de Nutriólogos, A. C.
374 ## - OCCUPATION
- Occupation: Autora
- Occupation: Licenciada en nutrición y Ciencias de los Alimentos
- Occupation: Mestría en Nutrición Clínica
- Occupation: Educadora en Diabetes
- Occupation: Nutrióloga
375 ## - GENDER
- Gender: mujer
377 ## - ASSOCIATED LANGUAGE
- Language code: spa
400 1# - SEE FROM TRACING--PERSONAL NAME
- Personal name: Villagómez, María Elena Téllez
670 ## - SOURCE DATA FOUND
- Source citation: Nutrición clínica, 2010:
- Information found: t.p. (María Elena Téllez Villagómez; Lic. en Nut. y Cienc. de los Alim. por la Univ. Iberoamericana)